Obálka Náhled e-knihy:
PDF Epub
Pro půjčování e-knih musíte být přihlášeni.
Jak si půjčit online?

Prohnilé město /

Kazu Brekkerovi a jeho lidem se podařil nevídaný kousek, za který měli přislíbenou tučnou odměnu. Jenže místo toho, aby se o ni rozdělili, čekala na ně zrada. Proto musí napnout všechny své síly, aby získali to, co jim patří. V temných ulicích zkorumpovaného Ketterdamu se mezitím schyluje k válce. N...

Celý popis

Uloženo v:
Série:Šest vran, část 2
Hlavní autor: Bardugo, Leigh, 1975- (Autor)
Další autoři: Žemlová, Julie (Autor)
Médium: E-kniha
Jazyk:Czech
Vydáno: Praha : Fragment, 2018
Vydání:1. vydání
Témata:
Příbuzné jednotky:Z cyklu:: Šest vran
Tagy:
Žádné tagy
LEADER 02896nam a2200541 i 4500
001 310895
003 CZ PrSKC
005 20260601215656.0
007 ta
008 180502s2018 xr d 000 f cze
015 |a cnb002995511 
020 |a 9788025353332  |q (soubor 2021) :  |c Kč 849,00 
020 |a 978-80-253-3668-7  |q (vázáno) 
035 |a (OCoLC)1039819541 
040 |a BOA001  |b cze  |e rda 
041 1 |a cze  |h eng 
072 7 |a 821.111(73)-3  |x Americká próza  |2 Konspekt 
072 7 |a 821-93  |x Literatura pro děti a mládež (beletrie)  |2 Konspekt 
080 |a 821.111(73)-31  |2 MRF 
080 |a 821-93  |2 MRF 
080 |a (0:82-312.9)  |2 MRF 
100 1 |a Bardugo, Leigh,  |d 1975-  |7 ola2017940808  |4 aut 
240 1 0 |a Crooked kingdom.  |l Česky 
245 1 0 |a Prohnilé město /  |c Leigh Bardugo ; z anglického originálu Crooked kingdom přeložila Julie Žemlová 
250 |a 1. vydání 
264 1 |a Praha :  |b Fragment,  |c 2018 
300 |a 432 stran ;  |c 24 cm 
336 |a text  |b txt  |2 rdacontent 
337 |a bez média  |b n  |2 rdamedia 
338 |a svazek  |b nc  |2 rdacarrier 
500 |a Dotisk v roce 2021 
500 |a Část nákladu distribuována v roce 2021 ve dvousvazkovém souboru (Šest vran, Prohnilé město) ve společném kartonovém pouzdru;, ISBN souboru pouze na krabici 
520 2 |a Kazu Brekkerovi a jeho lidem se podařil nevídaný kousek, za který měli přislíbenou tučnou odměnu. Jenže místo toho, aby se o ni rozdělili, čekala na ně zrada. Proto musí napnout všechny své síly, aby získali to, co jim patří. V temných ulicích zkorumpovaného Ketterdamu se mezitím schyluje k válce. Nebezpečná smrtící droga jurda parem se tu stává předmětem boje o moc. Obstojí Kazova prohnanost proti nepřátelům a zůstanou mu jeho lidé vůbec věrni? Nakladatelská anotace. 
520 2 |a Pokračování fantasy románu Šest vran, v němž se šestice zločinců snažila dostat do nejstřeženější pevnosti světa. 
655 7 |a americké romány  |7 fd131796  |2 czenas 
655 7 |a fantasy romány  |7 fd184199  |2 czenas 
655 7 |a publikace pro mládež  |7 fd133157  |2 czenas 
655 9 |a American fiction  |2 eczenas 
655 9 |a fantasy novels  |2 eczenas 
655 9 |a juvenile literature  |2 eczenas 
700 1 |a Žemlová, Julie  |7 xx0147330  |4 trl 
787 0 8 |i Z cyklu:  |t Šest vran  |g 2 
900 |a ABA001  |b 21 
928 9 |a Albatros Media - Fragment 
044 |a xr 
910 |a RBIT002 
998 |d 178243  |a https://core.palmknihy.cz/api/books/178243/cover?skx2lq  |b https://core.palmknihy.cz/api/books/178243/cover/400?skx2lq  |c https://core.palmknihy.cz/api/books/178243/cover/50?skx2lq  |e 2028-01-25  |g 432  |i 9788025336687  |j https://core.palmknihy.cz/api/books/178243/preview.epub  |k https://core.palmknihy.cz/api/books/178243/preview.pdf  |l   |q 49  |r 1  |s https://www.palmknihy.cz/kniha/178243  |t ebook  |y 2018  |z 0  |v Šest vran  |w 2 
999 |d 310893